000 00674nam a2200265Ia 4500
005 20260121172921.0
008 008 260114s9999 xx 000 0 eng d
020 _a9783030834227
037 _aEBOOK
040 _aCRL
040 _beng
040 _cCRL
041 _2eng
041 _aeng
084 _qCRL
100 _aRudolf Freiburg, Gerd Bayer
_91094352
245 4 _aThe Ethics of Survival in Contemporary Literature and Culture
260 _bSpringer
260 _bSpringer
260 _c2021
856 _uhttps://link.springer.com/openurl?genre=book&isbn=978-3-030-83422-7
942 _cEBOOK
999 _c1660094
_d1660094